000 00504nam a22001697a 4500
005 20260401122112.0
008 260401b |||||||| |||| 00| 0 eng d
020 _a978-93-5465-779-5
100 _aPAREEK, K.K.
245 _aINTERESTING CLINICAL CASES IN MEDICINE
260 _aNEW DELHI
_bJAYPEE BROTHERS MEDICAL PUBLISHERS
_c2022
300 _aXXX, 286P.
500 _aINCLUDES BIBLIOGRAPHICAL REFERENCES AND INDEX
650 _aCLINICAL MEDICINE
700 _aMATHUR, GIRISH
942 _2lcc
_cBK
999 _c216918
_d216918